| 000 | 01276nam0a22002891 4500 | ||
|---|---|---|---|
| 001 | v19\rc\2000821 | ||
| 005 | 20260406064143.0 | ||
| 035 | _a(NLR Aleph) 005272101 | ||
| 090 |
_a6010514 _c6010515 |
||
| 100 | _a20080811d1915 |||y0rusy50 ca | ||
| 101 | 1 |
_arus _cfre |
|
| 102 | _aRU | ||
| 105 | _aa z |||a| | ||
| 200 | 1 |
_aБылое _eРассказы _eПер. с фр. _fА. Додэ |
|
| 205 | _a2-е изд. Печ. с 1-го изд. ... | ||
| 210 |
_aМосква _cМ.В. Клюкин _d1915 |
||
| 215 |
_a48 с. _cил. _d19 |
||
| 327 | 0 | _aСодержание: Волнения красной куропатки; Осада Берлина; Маленький шпион; Папа умер; Звезды; Смерть дофина | |
| 464 | 0 |
_12001#$aВолнения красной куропатки$aОсада Берлина$aМаленький шпион$aПапа умер$aЗвезды$aСмерть дофина _tСмерть дофина |
|
| 700 | 1 |
_8rus _7ca _aДоде _bА. _f1840-1897 _gАльфонс _3RU\NLR\AUTH\7723718 _96771 |
|
| 801 | 2 |
_aRU _bNLR _c20090703 _2rusmarc |
|
| 801 | 0 |
_aRU _bNLR _c20080811 _gpsbo |
|
| 801 | 0 |
_aRU _bRuMoRGB _c20080811 _2psbo |
|
| 801 | 1 |
_aRU _bProSoft-M _c20080811 _2rusmarc |
|
| 852 |
_aNLR _j40.3.7.439 |
||
| 942 | _cBOOK | ||
| 980 | _aNB | ||